| 000 | 01883nam a2200529 i 4500 | ||
|---|---|---|---|
| 001 | 22908 | ||
| 003 | KOSZ 005 | ||
| 005 | 20220818132520.0 | ||
| 008 | 220818s1985 pl a f 000 0 pol | ||
| 015 | _aUWD 1985/1796 | ||
| 020 | _a8321332404 | ||
| 035 | _a991008125249705066 | ||
| 035 | _a(PL-WaBN)b12092290-48omnis_nlop | ||
| 035 | _ab12092290 | ||
| 035 | _a(OCoLC)835910453 | ||
| 035 | _a(PL)b0000001209229 | ||
| 035 | _a(EXLNZ-48OMNIS_NETWORK)9910275080805606 | ||
| 040 |
_aWA N _cWA N _dKOSZ 005/RW |
||
| 046 | _k1971 | ||
| 080 | _a72.025 | ||
| 100 | 1 |
_aBorusiewicz, Władysław _d(1909-1999) _eAutor |
|
| 245 | 1 | 0 |
_aKonserwacja zabytków budownictwa murowanego / _cWładysław Borusiewicz ; [recenzenci prof. dr Alfred Majewski, prof. dr Jan Zachwatowicz]. |
| 250 | _aWydanie 2 zmienione i uzupełnione. | ||
| 260 |
_aWarszawa : _b"Arkady", _c1985. |
||
| 300 |
_a222, [1] strony : _bfotografie, plany, rysunki ; _c25 cm. |
||
| 336 |
_aTekst _btxt _2rdacontent |
||
| 337 |
_aBez urządzenia pośredniczącego _bn _2rdamedia |
||
| 338 |
_aWolumin _bnc _2rdacarrier |
||
| 380 | _aKsiążki | ||
| 380 | _aPublikacje dydaktyczne | ||
| 385 |
_mPoziom nauczania _aSzkoły wyższe |
||
| 388 | 1 | _a1901-2000 | |
| 388 | 1 | _a1945-1989 | |
| 504 | _aBibliografia na stronach 218-[223]. | ||
| 650 | 7 |
_aBudownictwo _2DBN |
|
| 650 | 7 | _aZabytki | |
| 650 | 7 | _aOchrona i konserwacja | |
| 650 | 7 |
_aKonserwatorstwo _2DBN |
|
| 655 | 7 | _aOpracowanie | |
| 658 | _aArchitektura i budownictwo | ||
| 700 | 1 |
_aMajewski, Alfred _d(1907-1998) _eRecenzja |
|
| 700 | 1 |
_aZachwatowicz, Jan _d(1900-1983) _eRecenzja |
|
| 710 | 2 |
_aWydawnictwo Arkady _4pbl |
|
| 856 |
_uhttp://koha.tu.koszalin.pl/cgi-bin/koha/opac-detail.pl?biblionumber=22908 _yKatalog online BPK |
||
| 942 |
_2UKD _cKS |
||
| 999 |
_c22908 _d22908 |
||